Culture Générale - Série 741 - Statistiques

Statistiques générales
  • Ce quiz a été pris 295 fois
  • Le résultat moyen est 8 sur 10
Statistiques - réponses
Question Réponse % Correct
Selon le proverbe, à quelle ville mènent tous les chemins ? Rome
99%
La bande blanchâtre composée d'une multitude d'étoiles visible pendant les nuits claires s'appelle la Voie... lactée
98%
Complétez le titre du film réalisé en 1962 par Yves Robert, "La guerre des ... boutons
96%
Quelle physicienne française a identifié le polonium avec son mari en 1898 ? Marie Curie
96%
Quel dessert à base de crème de marrons garnie de crème fouettée porte le nom du plus haut sommet des Alpes ? mont-blanc
89%
Complétez le titre du roman d'Ernest Hemingway, "Le viel homme et ... la mer
83%
Quel mot désigne une troupe de chiens spécialement dressés pour la chasse à courre ? meute
76%
Quelle artiste est l'auteur interprète de la chanson "En rouge et noir" sortie en 1986 ? Jeanne Mas
65%
Dans quel pays est né Léon Zitrone ? Russie
55%
Quel magazine de science-fiction fut présenté entre 1979 et 1987 par les frères Bogdanoff ? T Temps X
42%
Aucun quiz correspondant
Distribution des résultats
% des personnes avec chaque résultat
Percentile par nombre de réponses
Votre historique - résultats
Vous n’avez pas pris ce quiz